01521nam a2200349 a 4500001001000000003000500010005001700015008004100032010001100073011001100084040000900095090001000104100003900114245017000153260004100323500006000364502010900424590004000533590004000573650003900613650003800652650002800690650003200718650003300750856007000783901000700853942001000860942000600870999001900876952013600895952014001031000111471CHAP20220329144212.0150511s2015 mx a fsm |||||||spa d a107933 a108905 cCHAP aTesis1 aVázquez Arciga, Gildardo912934710aIdentificación y manejo del agente causal de la marchitez del chile manzano (Capsicum pubescens R y P) en invernaderoh[En línea]cpor Gildardo Vázquez Arciga. aChapingo, Méx. :bEl autor,c2015. aPara ver el contenido del material haga clic en la liga aTesis (Ing. Agr. Esp. en Parasitología Agrícola) -- UACH. Departamento de Parasitología Agrícola aE6096MTMb05c20150511lUCH01h1252 aE6096MTMb05c20150511lUCH01h125514aChile manzanoxInvernadero.92245814aChile manzanoxVariedades.92246814aFusarium solani.94409714aMarchitez del chile.97128214aPhytophthora capsici.987920 aFinding aiduhttp://10.13.5.2/tesis/sist111471.pdfzTeclea aquí aBK cTESIS n0 c107933d107933 00104054718TESISaBCbBCd2015-05-11fTESISl0oTesisp33724002482751r2019-12-31 00:00:00w2019-12-31yTESISzRecien adquirido 00102local4053708TESISaBCbBCcPA_TESISd2015-05-11fTESISl0oTesisp33724002482793r2019-12-31 00:00:00tc.2w2019-12-31yTESIS